|
|
|
|
| LEADER |
01063nam a22003135i 4500 |
| 001 |
34492 |
| 003 |
BD-DhAAL |
| 005 |
20211207131120.0 |
| 008 |
190403t20192010nyua b 001 0 eng |
| 999 |
|
|
|c 40709
|d 40709
|
| 010 |
|
|
|a 2018941309
|
| 020 |
|
|
|a 9781319105990
|
| 020 |
|
|
|a 1319105998
|
| 040 |
|
|
|a DLC
|b eng
|e rda
|c DLC
|d BD-DhAAL
|
| 042 |
|
|
|a pcc
|
| 082 |
|
|
|a 339
|2 23
|
| 100 |
1 |
|
|a Mankiw, N. Gregory.
|9 31063
|
| 245 |
1 |
0 |
|a Macroeconomics /
|c N. Gregory Mankiw.
|
| 250 |
|
|
|a 10th edition.
|
| 260 |
|
|
|a New York, NY :
|b Worth Publishers,
|c c2019
|
| 300 |
|
|
|a xxxv, 612 pages :
|b illustrations ;
|c 27 cm.
|
| 526 |
|
|
|a ESS
|
| 541 |
|
|
|a Reza Enterprise
|
| 650 |
|
|
|a Macroeconomics
|9 31064
|
| 650 |
|
|
|a Macroeconomics
|v Textbooks.
|9 31065
|
| 650 |
|
|
|a Economics.
|9 43531
|
| 852 |
|
|
|a Ayesha Abed Library
|c General Stacks
|
| 942 |
|
|
|2 ddc
|c BK
|
| 952 |
|
|
|0 0
|1 0
|2 ddc
|4 0
|6 339_000000000000000_MAN
|7 0
|9 65353
|a BRACUL
|b BRACUL
|c GEN
|d 2019-04-01
|e Reza Enterprise
|g 28800.00
|l 4
|m 12
|o 339 MAN
|p 3010034492
|r 2024-02-24
|s 2023-10-01
|t 1
|v 28800.00
|w 2019-04-01
|y BK
|z Under Process
|